书目信息 |
| 题名: |
意大利文艺复兴时期的文化与社会
|
|
| 作者: | 伯克 著 ;刘君 译 | |
| 分册: | ||
| 出版信息: | 北京 东方出版社 2007 |
|
| 页数: | 28,352页 | |
| 开本: | 24cm | |
| 丛书名: | ||
| 单 册: | ||
| 中图分类: | K546.32 | |
| 科图分类: | ||
| 主题词: | 文艺复兴--文化史--研究--意大利 | |
| 电子资源: | ||
| ISBN: | 978-7-5060-2858-5 | |
| 000 | 01020nam0 2200265 45 | |
| 001 | 1355409139 | |
| 005 | 20130513152042.73 | |
| 010 | @a978-7-5060-2858-5@dCNY49.80 | |
| 100 | @a20130108d2007 em y0chiy0110 ea | |
| 101 | 1 | @achi@ceng |
| 102 | @aCN@b110000 | |
| 105 | @aa z 001yy | |
| 106 | @ar | |
| 200 | 1 | @a意大利文艺复兴时期的文化与社会@AYi Da Li Wen Yi Fu Xing Shi Qi De Wen Hua Yu She Hui@f(英)彼得·伯克著@F( Ying ) Bi De· Bo Ke Zhu@g刘君译 |
| 210 | @a北京@c东方出版社@d2007 | |
| 215 | @a28,352页@c图@d24cm | |
| 320 | @a有索引 | |
| 330 | @a本书展示了意大利文艺复兴时期的社会和文化史,讨论了15和16世纪存在的社会和政治机构,并剖析了这个以非凡艺术创造力而著称的时期的特殊思维方式和审美方式。 | |
| 512 | 1 | @a意大利文艺复兴时期de文化与社会@AYi Da Li Wen Yi Fu Xing Shi Qi de Wen Hua Yu She Hui |
| 606 | 0 | @a文艺复兴@x文化史@x研究@y意大利 |
| 690 | @aK546.32@v5 | |
| 701 | 1 | @a伯克@ABo Ke@b彼得@4著 |
| 702 | 0 | @a刘君@ALiu Jun@4译 |
| 801 | @aCN@bTANGWEI@c20130111 | |
| 905 | @b0831091-93@dK546.32@e9@f3 | |
| 意大利文艺复兴时期的文化与社会/(英)彼得·伯克著/刘君译.-北京:东方出版社,2007 |
| 28,352页:图;24cm |
| ISBN 978-7-5060-2858-5:CNY49.80 |
| 本书展示了意大利文艺复兴时期的社会和文化史,讨论了15和16世纪存在的社会和政治机构,并剖析了这个以非凡艺术创造力而著称的时期的特殊思维方式和审美方式。 |
| ● |
| 相关链接 |
|
|
|
|
正题名:意大利文艺复兴时期的文化与社会
索取号:K546.32/9
 
预约/预借
| 序号 | 登录号 | 条形码 | 馆藏地/架位号 | 状态 | 备注 |
| 1 | 0831091 | 208310914 | 第二样本阅览室/ [索取号:K546.32/9] | 在馆 | |
| 2 | 0831092 | 208310923 | 第二借阅区/ [索取号:K546.32/9] | 在馆 | |
| 3 | 0831093 | 208310932 | 第二借阅区/ [索取号:K546.32/9] | 在馆 |